Normal view
MARC view
- التامين - اعادة التأمين
Entry Topical Term
001 - CONTROL NUMBER
- control field: 44636
003 - CONTROL NUMBER IDENTIFIER
- control field: JO-AjAnu
005 - DATE AND TIME OF LATEST TRANSACTION
- control field: 20230606081405.0
008 - FIXED-LENGTH DATA ELEMENTS
- fixed length control field: 230606|| aca||aabn | a|a d
040 ## - CATALOGING SOURCE
- Original cataloging agency: JO-AjAnu
- Transcribing agency: JO-AjAnu
150 ## - HEADING--TOPICAL TERM
- Topical term or geographic name entry element: التامين - اعادة التأمين
670 ## - SOURCE DATA FOUND
- Source citation: Work cat.: (JO-AjAnu)22855: تاليف القزويني، علي تقي، م.مشارك سوسن احمد ضياء, author 44635, اساسيات التأمين مع دراسة على قطاع التامين في ليبيا (1964-2003)